| 000 | 00532nam a22001577a 4500 | ||
|---|---|---|---|
| 005 | 20150213141522.0 | ||
| 008 | 150129b xxu||||| |||| 00| 0 eng d | ||
| 050 |
_aBX3756.I31A3 _bD618 |
||
| 100 |
_aIgnatius of Loyola, St. _914828 |
||
| 245 |
_aTestament and testimony: _bthe memoirs of ignatius of Loyola _cIgnatius of Loyola, St. |
||
| 260 |
_aAnand _bGujarat Sahitya Prakash _c1994 |
||
| 300 |
_a111p.; _c21cm. |
||
| 600 |
_aIgnatius _zof Loyola _914829 |
||
| 600 |
_aDivarkar, Parmananda R (tr) _915047 |
||
| 942 |
_2lcc _cMONOGRAPH |
||
| 999 |
_c121956 _d121956 |
||